| 000 | 00000nam 2200000zi 4500 |
| 001 | 9.922240 |
| 003 | CaOODSP |
| 005 | 20230503151453 |
| 006 | m o d f |
| 007 | cr |n||||||||| |
| 008 | 230503e201902##onc o f|0| 0 fre d |
| 040 | |aCaOODSP|bfre|erda|cCaOODSP |
| 043 | |an-cn--- |
| 086 | 1 |aIu64-206/2019F-PDF |
| 245 | 00|aPrescriptions techniques relatives aux systèmes à large bande en régions rurales et éloignées (SLBRRE) fonctionnant dans la bande 512-608 MHz (canaux de télévision 21 à 36). |
| 264 | 1|aOttawa : |bInnovation, Sciences et Développement économique Canada = Innovation, Science and Economic Development Canada, |cfévrier 2019. |
| 300 | |a1 ressource en ligne (ii, 20 pages) |
| 336 | |atexte|btxt|2rdacontent/fre |
| 337 | |ainformatique|bc|2rdamedia/fre |
| 338 | |aressource en ligne|bcr|2rdacarrier/fre |
| 500 | |aPublié aussi en anglais sous le titre : Technical requirements for remoteRural Broadband Systems (RRBS)operating in the band 512-608 MHz(TV channels 21 to 36). |
| 500 | |aÉdition numérisée de l'imprimé [par Innovation, Sciences et Développement économique Canada]. |
| 650 | 6|aRadio|zCanada|xAppareils et matériel. |
| 650 | 6|aRadio|xÉmetteurs et transmission. |
| 650 | 6|aRadiofréquences|xAttribution|zCanada. |
| 650 | 6|aCommunication en deĢveloppement rural|zCanada. |
| 710 | 1 |aCanada. |bInnovation, sciences et développement économique Canada, |eorganisme de publication. |
| 775 | 08|tTechnical requirements for remote rural broadband systems (RRBS) operating in the band 512-608 MHz (TV channels 21-36).|w(CaOODSP)9.893121 |
| 856 | 40|qPDF|s398 Ko|uhttps://publications.gc.ca/collections/collection_2023/isde-ised/iu64/Iu64-206-2019-fra.pdf |